Normal view
MARC view
Entry Personal Name
001 - CONTROL NUMBER
- control field: 366483
003 - CONTROL NUMBER IDENTIFIER
- control field: OSt
005 - DATE AND TIME OF LATEST TRANSACTION
- control field: 20220927104551.0
008 - FIXED-LENGTH DATA ELEMENTS
- fixed length control field: 220927|| aca||aabn | a|a d
040 ## - CATALOGING SOURCE
- Original cataloging agency: OSt
- Transcribing agency: OSt
100 ## - HEADING--PERSONAL NAME
- Personal name: Hazell P B P
670 ## - SOURCE DATA FOUND
- Source citation: Work cat.: (OSt)688011: Hazell P B P, Importance of risk in agricultural planning models, 1978
